Vista normal
Vista MARC
Entrada Topical Term
Número de registros utilizados en: 1
001 - CONTROL NUMBER
- control field: 6576
003 - CONTROL NUMBER IDENTIFIER
- control field: OSt
005 - DATE AND TIME OF LATEST TRANSACTION
- control field: 20200702182926.0
008 - FIXED-LENGTH DATA ELEMENTS
- fixed length control field: 200702|| aca||aabn | a|a d
040 ## - CATALOGING SOURCE
- Original cataloging agency: OSt
- Transcribing agency: OSt
150 ## - HEADING--TOPICAL TERM
- Topical term or geographic name entry element: Impuestos de renta
670 ## - SOURCE DATA FOUND
- Source citation: Work cat.: (OSt)6346: Duarte Nieto, Rafael Antonio, autor 6571, 400 interrogantes y casos básicos para tener en cuenta en la elaboración de la declaración de renta año gravable 2009 / , 2010